000 00627nam a2200217 a 4500
001 BRL_367
005 20190320210716.0
008 050813s1980----mx-a######---#000-0#spa-#
041 _aspa
044 _amx
050 4 _aF1230.C96
_b.R65 1980
100 1 _aRoldán, Dolores
_922626
245 1 0 _aCódice de Cuauhtémoc
_bBiografía
_cDolores Roldán.
260 _aMéxico
_bOrion
_c1980
300 _a372 p.
_bil.
_c24 cm.
500 _aAu356
600 1 4 _aCuauhtémoc
_cEmperador de México
_d1495?-1525
_923677
651 4 _aMéxico
_xHistoria
_yDescubrimiento y conquista, 1517-1521
_923678
902 _aGRL
942 _2lcc
_cB
999 _c9180
_d9180